| 000 | 01406cam a2200337 a 4500 | ||
|---|---|---|---|
| 001 | 15981505 | ||
| 003 | OSt | ||
| 005 | 20150408113918.0 | ||
| 008 | 091112s2010 nyuab b 001 0 eng | ||
| 010 | _a 2009517268 | ||
| 020 | _a9780077368791 (spiral : alk. paper : student ed.) | ||
| 020 | _a0077368797 (spiral : alk. paper : student ed.) | ||
| 040 |
_aDLC _cDLC _dDLC |
||
| 050 | 0 | 0 |
_aPE1408 _b.M3366 2010 |
| 082 | 0 | 0 |
_a808.042 _222 _bMEW |
| 100 | 1 |
_aMaimon, Elaine P. _94070 |
|
| 245 | 1 | 2 |
_aA writer's resource : _ba handbook for writing and research / _cElaine P. Maimon, Janice H. Peritz, Kathleen Blake Yancey. |
| 250 | _a3rd ed., [2009 MLA & APA Udated ed.]. | ||
| 260 |
_aNew York : _bMcGraw-Hill, _cc2010. |
||
| 300 |
_a1 v. (various pagings) : _bcol. ill., col. maps ; _c22 cm. |
||
| 500 | _a"Includes 2009 MLA & APA updates"--Cover. | ||
| 504 | _aIncludes bibliographical references and indexes. | ||
| 650 | 0 |
_aEnglish language _xRhetoric _vHandbooks, manuals, etc. _94071 |
|
| 650 | 0 |
_aEnglish language _xGrammar _vHandbooks, manuals, etc. _94165 |
|
| 650 | 0 |
_aReport writing _vHandbooks, manuals, etc. _94073 |
|
| 700 | 1 |
_aPeritz, Janice. _94074 |
|
| 700 | 1 |
_aYancey, Kathleen Blake, _d1950- _94075 |
|
| 906 |
_a7 _bcbc _corignew _d1 _eecip _f20 _gy-gencatlg |
||
| 942 |
_2ddc _cDVD |
||
| 999 |
_c14302 _d248802 |
||